agents of shield characters - Statistics

General Stats
  • This quiz has been taken 38 times
  • The average score is 9 of 12
Answer Stats
Hint Answer % Correct
MM Melinda May
100%
PC Phil Coulson
100%
LF Leopold Fitz
97%
JS Jemma Simmons
94%
DJ Daisy Johnson
91%
GW Grant Ward
80%
LH Lance Hunter
69%
BM Bobbi Morse
66%
AM Alphonso Mackenzie
54%
ER Elena Rodriguez
54%
DS Deke Shaw
46%
RR Robbie Reyes
26%
No matching quizzes found
Score Distribution
Percent of People with Each Score
Percentile by Number Answered
Your Score History
You have not taken this quiz